000 00684nam a2200265Ia 4500
003 OSt
005 20221007070321.0
006 a|||||r|||| 00| 0
007 ta
008 221006b |||||||| |||| 00| 0 eng d
020 _a9788131251621
024 _a45,086
037 _cTextual
040 _aFLL
_cFLL
_beng
041 _2eng
_aeng
082 _aZ2,9298, Q7
100 _aJAIN M. P.
245 0 _aPrinciples of Administrative law
250 _a7th
260 _aGurgaon
_bLexis Nexis India
_c2017
300 _acxlvi,1042p.
_ccm.
700 _a JAIN S. N.
942 _hZ2,9298, Q7
_cTEXL
_2CC
999 _c1140111
_d1140111